Culture Générale #02 - Statistiques

Statistiques générales
  • Ce quiz a été pris 374 fois
    99 depuis la dernière actualisation
  • Le résultat moyen est 13 sur 20
Statistiques - réponses
Questions Réponses % Correct
Quel pays est surnommé "le pays du soleil levant" ? le Japon
95%
En quelle année Christophe Colomb a-t-il découvert l'Amérique ? 1492
94%
Quel est le premier livre imprimé par Gutenberg ? la Bible
89%
Quelle est la planète la plus proche du Soleil ? Mercure
84%
Quel est le nom du fondateur de Microsoft ? Bill Gates
80%
Quel est la capitale du Chili ? Santiago
75%
Quel chanteur français est décédé dans un accident d'hélicoptère au Mali sur le rallye Paris-Dakar le 14 janvier 1986 ? Daniel Balavoine
74%
Quel est le nom de la galaxie dans laquelle se trouve notre système solaire ? la Voie Lactée
73%
Quel empire était dirigé par Gengis Khan ? l’empire Mongol
73%
Quel traité a mis fin à la Première Guerre mondiale ? le traité de Versailles
73%
Quel est le pays le plus peuplé d'Afrique ? le Nigéria
70%
Quel groupe de rock est connu pour l'album "Abbey Road" ? The Beatles
67%
Quel courant artistique est associé à Salvador Dalí ? le Surréalisme
57%
Quel est l'élément le plus léger du tableau périodique ? l’Hydrogène
54%
Quelle chaîne de montagnes sépare l'Europe de l'Asie ? l’Oural
53%
Quel est le nom du navigateur qui à donné son nom à l’Amérique ? Amerigo Vespucci
48%
Quelle ville a accueilli les Jeux olympiques d'été de 2000 ? Sydney
41%
Comment se nomme la couche protectrice des poumons ? la Plèvre
23%
Quel événement historique a eu lieu en 1066 en Angleterre ? la bataille de Hastings
21%
Quel artiste à peint « Les Hasards heureux de l'escarpolette » et « Le Verrou » ? Jean-Honoré Fragonard
7%
Aucun quiz correspondant
Distribution des résultats
% des personnes avec chaque résultat
Percentile par nombre de réponses
Votre historique - résultats
Vous n’avez pas pris ce quiz depuis la dernière actualisation